000 00567cam a22001811 4500
001 45433
090 _a45433
100 _a19940104d1945 k y0pory5003 ba
101 0 _apor
102 _aPT
200 1 _aO Bacilo de Koch e o Homem
_equestões médico-sociais da tuberculose pulmonar
_fLadislau Patrício
210 9 _aLisboa
_cEdições Cosmos,
_dimp. 1945
215 _a121, [6] p.
_cil.
_d19 cm
225 2 _aBiblioteca Cosmos
_v83
_h1.ª seccão.
_iCiências e Técnicas
_v43
675 _a616.2
700 1 _aPatrício,
_bLadislau,
_f1883-1967
801 0 _aPT
_bBN
_gRPC
990 _cLIVROS